000 00267nam a22001097a 4500
020 _a978-0-19-567696-9
082 _a658.83
100 _aEaswaran, Sunada
245 _aMarketing Research:
_bConcepts, Practices, and Cases
700 _aSingh, Sharmila J.
942 _cBK
999 _c22166
_d22166